Ivanhoe / (Registro nro. 3264)
[ vista simple ]
| 000 -LEADER | |
|---|---|
| fixed length control field | 00800nam a2200217Ia 4500 |
| 003 - CONTROL NUMBER IDENTIFIER | |
| control field | OSt |
| 005 - DATE AND TIME OF LATEST TRANSACTION | |
| control field | 20250502145804.0 |
| 008 - FIXED-LENGTH DATA ELEMENTS--GENERAL INFORMATION | |
| fixed length control field | 191128t1952 ck er 000 f spa d |
| 040 ## - CATALOGING SOURCE | |
| Original cataloging agency | CO-JMCR |
| Transcribing agency | CO-JMCR |
| 041 ## - LANGUAGE CODE | |
| Language code of text/sound track or separate title | spa |
| 082 ## - DEWEY DECIMAL CLASSIFICATION NUMBER | |
| Item number | |
| 082 04 - DEWEY DECIMAL CLASSIFICATION NUMBER | |
| Classification number | A-N |
| Item number | SCOi |
| 100 1# - MAIN ENTRY--PERSONAL NAME | |
| Personal name | Scott, Walter, |
| Relator term | autor |
| 9 (RLIN) | 8117 |
| 245 10 - TITLE STATEMENT | |
| Title | Ivanhoe / |
| Statement of responsibility, etc. | Walter Scott |
| 260 ## - PUBLICATION, DISTRIBUTION, ETC. | |
| Place of publication, distribution, etc. | Bogotá : |
| Name of publisher, distributor, etc. | Editora Zig-Zag, |
| Date of publication, distribution, etc. | ©1952 |
| 300 ## - PHYSICAL DESCRIPTION | |
| Extent | 115 páginas ; |
| Dimensions | 19 cm. |
| 490 0# - SERIES STATEMENT | |
| Series statement | Biblioteca familiar |
| 520 ## - SUMMARY, ETC. | |
| Summary, etc. | Ivanhoe narra la enconada lucha de un hombre para restablecer su buen nombre y de paso el de la corona. La acción transcurre en una época convulsa, en tiempos de cruzadas, de encarnizadas luchas entre dos pueblos antaño hermanados, el sajón y el normando. |
| 650 14 - SUBJECT ADDED ENTRY--TOPICAL TERM | |
| Topical term or geographic name entry element | Novela infantil |
| 9 (RLIN) | 1227 |
| 942 ## - ADDED ENTRY ELEMENTS (KOHA) | |
| Source of classification or shelving scheme | Dewey Decimal Classification |
| Koha item type | Books |
| Withdrawn status | Lost status | Source of classification or shelving scheme | Damaged status | Not for loan | Home library | Current library | Date acquired | Full call number | Barcode | Date last seen | Copy number | Koha item type |
|---|---|---|---|---|---|---|---|---|---|---|---|---|
| Dewey Decimal Classification | Biblioteca Pública José María del Castillo y Rada | Biblioteca Pública José María del Castillo y Rada | 07/29/2020 | A-N SCOi | 201507000 | 11/28/2019 | Ej.1 | Books |